000 00283nam a22001217a 4500
008 181221b xxu||||| |||| 00| 0 eng d
041 _aeng
080 _26 th
_a159.9
100 _a49
101 _aPSY
245 _aPsychology Today An Introduction
_cBower.G.H
942 _2udc
_cBK
999 _c53594
_d53594